[Event "Coppa del Mondo FIDE 2025"]
[Site "Goa"]
[Date "05.11.2025"]
[Round "1B"]
[White "Vitiugov, Nikita"]
[Black "Narayanan, S.L."]
[Result "1/2-1/2"]
[WhiteElo "2666"]
[BlackElo "2591"]
[EventDate "2025.11.01"]
[EventType "k.o."]

1. e4 c5 2. Nf3 d6 3. d4 cxd4 4. Nxd4 Nf6 5. Nc3 a6 6. Bd3 e5 7. Nde2 Nc6
8. O-O Be6 9. f4 exf4 10. Nxf4 Ne5 11. Be3 g6 12. Bf2 Nfg4 13. Bd4 Bg7 14.
Be2 Nf6 15. a4 O-O 16. a5 Rc8 17. Kh1 Re8 18. Ra4 Qe7 19. Rb4 Rc6 20. Qa1
Rec8 21. Nxe6 fxe6 22. Qa2 h5 23. Qb3 R8c7 24. Bb6 Rd7 25. Be3 Nfg4 26. Bf4
Rdc7 27. h3 Nh6 28. Be3 Nhf7 29. Kg1 Kh7 30. Kh1 Kg8 31. Kg1 1/2-1/2

[Event "Coppa del Mondo FIDE 2025"]
[Site "Goa"]
[Date "05.11.2025"]
[Round "1B"]
[White "Indjic, Aleksandar"]
[Black "Theodorou, Nikolas"]
[Result "1/2-1/2"]
[WhiteElo "2650"]
[BlackElo "2646"]
[EventDate "2025.11.01"]
[EventType "k.o."]

1. d4 Nf6 2. c4 e6 3. Nc3 Bb4 4. Qc2 O-O 5. Nf3 c5 6. dxc5 Na6 7. g3 Nxc5
8. Bg2 b6 9. O-O Bb7 10. Nb5 Be4 11. Qd1 Nb7 12. a3 Be7 13. Bf4 Rc8 14. Rc1
a5 15. Na7 Ra8 16. Nb5 Rc8 17. Na7 Ra8 18. Nb5 Rc8 1/2-1/2

[Event "Coppa del Mondo FIDE 2025"]
[Site "Goa"]
[Date "05.11.2025"]
[Round "1B"]
[White "Mishra, Abhimanyu"]
[Black "Salem, A.R. Saleh"]
[Result "0-1"]
[WhiteElo "2611"]
[BlackElo "2640"]
[EventDate "2025.11.01"]
[EventType "k.o."]

1. d4 Nf6 2. c4 g6 3. f3 c5 4. d5 d6 5. e4 Bg7 6. Nc3 e6 7. Nge2 exd5 8.
cxd5 Nbd7 9. Ng3 h5 10. Be2 h4 11. Nf1 a6 12. a4 Rb8 13. a5 O-O 14. g4 b5
15. axb6 c4 16. Be3 Rxb6 17. Ra2 Ne5 18. Nd2 Nd3+ 19. Kf1 Nxg4 20. fxg4
Rxb2 21. Bxd3 Qf6+ 22. Nf3 Qxc3 23. Rxb2 Qxb2 24. Bxc4 Bxg4 25. h3 Bxf3 26.
Qxf3 Rc8 27. Bd3 Rc3 28. Qd1 Ra3 29. Qe2 Qc3 30. Kf2 Qxd3 31. Qxd3 Rxd3 32.
Rb1 Be5 33. Rb6 Ra3 34. Ke2 a5 35. Ra6 a4 36. Kf2 Kg7 37. Ra7 g5 38. Ra8 g4
39. hxg4 h3 40. Rc8 Rb3 41. Rc2 h2 42. Rc1 a3 0-1

[Event "Coppa del Mondo FIDE 2025"]
[Site "Goa"]
[Date "05.11.2025"]
[Round "1B"]
[White "Wang, Shixu B"]
[Black "Erdogmus, Yagiz Kaan"]
[Result "0-1"]
[WhiteElo "2402"]
[BlackElo "2646"]
[EventDate "2025.11.01"]
[EventType "k.o."]

1. c4 Nf6 2. d4 e6 3. Nc3 Bb4 4. e3 O-O 5. Bd3 c5 6. Nf3 d5 7. O-O dxc4 8.
Bxc4 a6 9. a3 Bxc3 10. bxc3 b5 11. Be2 Bb7 12. c4 bxc4 13. Bxc4 Nbd7 14.
Bb2 Rb8 15. Qe2 Bxf3 16. gxf3 Nb6 17. Rac1 Nxc4 18. Rxc4 cxd4 19. Bxd4 Nd5
20. Kh1 Qd7 21. Ba1 f6 22. Rg1 Rf7 23. Rh4 Ne7 24. Qxa6 e5 25. Qe2 Ng6 26.
Rhg4 Qf5 27. a4 Rc8 28. e4 Qe6 29. Bb2 Rfc7 30. Qb5 Rc2 31. f4 exf4 32. Qf5
Qb3 33. Bxf6 Rc1 34. Bb2 Qf3+ 0-1

[Event "Coppa del Mondo FIDE 2025"]
[Site "Goa"]
[Date "05.11.2025"]
[Round "1B"]
[White "Xiong, Jeffery"]
[Black "Yuffa, Daniil"]
[Result "1-0"]
[WhiteElo "2640"]
[BlackElo "2648"]
[EventDate "2025.11.01"]
[EventType "k.o."]

1. e4 c5 2. Nf3 d6 3. d4 cxd4 4. Nxd4 Nf6 5. Nc3 Nc6 6. Bc4 e6 7. Be3 a6 8.
Qe2 Na5 9. Bd3 e5 10. Nb3 Be7 11. O-O Be6 12. f4 Rc8 13. f5 Bd7 14. Nd5
Nxd5 15. exd5 Nxb3 16. axb3 Bg5 17. Bf2 h5 18. b4 h4 19. c4 Qf6 20. Bb6 Qh6
21. Kh1 Bd2 22. b5 axb5 23. c5 h3 24. gxh3 Kf8 25. Ra7 dxc5 26. Rxb7 Qd6
27. Be4 Bf4 28. Qg4 g5 29. Rxd7 Qxd7 30. f6 Qxg4 31. hxg4 Rxh2+ 32. Kg1
Rxb2 33. d6 Rd2 34. Bc7 Re8 35. Ra1 b4 36. Bc6 e4 37. d7 Rxd7 38. Bxf4 gxf4
39. Bxd7 Rb8 40. Bf5 b3 41. Kg2 e3 42. Kf3 b2 43. Rh1 Kg8 44. Kxf4 e2 45.
Bh7+ Kf8 46. Bb1 Kg8 47. Re1 c4 48. Rxe2 c3 49. Rh2 Ra8 50. Rh3 Rc8 51.
Bh7+ Kf8 52. Ke5 Rc4 53. Kd5 Rc8 54. Kd4 Rc6 55. g5 Rd6+ 56. Kxc3 Rd5 57.
Bb1 Rxg5 58. Rh8+ Rg8 59. Rxg8+ Kxg8 60. Kxb2 1-0

[Event "Coppa del Mondo FIDE 2025"]
[Site "Goa"]
[Date "05.11.2025"]
[Round "1B"]
[White "Sargissian, Gabriel"]
[Black "Rodshtein, Maxim"]
[Result "1/2-1/2"]
[WhiteElo "2626"]
[BlackElo "2645"]
[EventDate "2025.11.01"]
[EventType "k.o."]

1. d4 Nf6 2. c4 e6 3. Nf3 d5 4. g3 Bb4+ 5. Bd2 a5 6. Bg2 O-O 7. Qc2 c5 8.
cxd5 cxd4 9. Nxd4 Qb6 10. e3 exd5 11. a3 Bxd2+ 12. Nxd2 Nc6 13. N2f3 Bg4
14. O-O Rfc8 15. Qd3 h5 16. Rab1 Nxd4 17. Qxd4 Qxd4 18. Nxd4 Rc5 19. Rfc1
b6 20. Nb3 Rb5 21. Nd4 Rc5 22. f3 Bd7 23. h4 Rac8 24. Rd1 g6 25. Bf1 Kf8
26. Kf2 Ke7 27. Ba6 R8c7 28. Bd3 Rc8 29. Ne2 Ba4 30. Rd2 Bc2 31. Bxc2 Rxc2
32. Rbd1 Rxd2 33. Rxd2 Ke6 34. Ke1 Ke5 35. Kd1 Rc7 36. Rd3 Kd6 37. Nc3 Ke5
38. Kd2 Rc4 39. Ne2 Kd6 40. Nf4 Rc5 41. Rd4 Rc4 42. Rd3 Rc5 43. Rd4 Rc4 44.
Rd3 Rc5 1/2-1/2

[Event "Coppa del Mondo FIDE 2025"]
[Site "Goa"]
[Date "05.11.2025"]
[Round "1B"]
[White "Artemiev, Vladislav"]
[Black "Martirosyan, Haik M."]
[Result "1/2-1/2"]
[WhiteElo "2664"]
[BlackElo "2628"]
[EventDate "2025.11.01"]
[EventType "k.o."]

1. d4 Nf6 2. c4 e6 3. Nf3 d5 4. Nc3 Nbd7 5. Bg5 Be7 6. e3 h6 7. Bh4 O-O 8.
Qc2 c5 9. dxc5 Nxc5 10. cxd5 Nxd5 11. Bxe7 Nxe7 12. Be2 b6 13. O-O Bb7 14.
Rfd1 Qc7 15. Rac1 Rac8 16. Nb5 Qb8 17. Nd6 Rc6 18. Nxb7 Nxb7 19. Qb1 Rxc1
20. Rxc1 a5 21. h3 Rc8 22. Rd1 Rd8 23. Rc1 Rc8 24. Rd1 Rd8 25. Rc1 Rc8 26.
Rd1 Rd8 1/2-1/2

[Event "Coppa del Mondo FIDE 2025"]
[Site "Goa"]
[Date "05.11.2025"]
[Round "1B"]
[White "Cheparinov, Ivan"]
[Black "Adams, Michael"]
[Result "1/2-1/2"]
[WhiteElo "2627"]
[BlackElo "2646"]
[EventDate "2025.11.01"]
[EventType "k.o."]

1. e4 e5 2. Nf3 Nc6 3. Bb5 a6 4. Ba4 Nf6 5. O-O Be7 6. d3 b5 7. Bb3 d6 8.
a3 O-O 9. Nc3 Nb8 10. h3 Nbd7 11. Ba2 c5 12. Bd2 Bb7 13. Re1 Rc8 14. Qe2
Bc6 15. Nd1 Nb8 16. Ne3 Bd7 17. b4 Be6 18. bxc5 Rxc5 19. Bxe6 fxe6 20. a4
Qd7 21. axb5 axb5 22. c3 Rc7 23. Reb1 Rb7 24. c4 bxc4 25. Rxb7 Qxb7 26.
Nxc4 Nc6 27. Be3 Ra8 28. Rc1 Nd7 29. Qc2 Nd8 30. Ncd2 Ra6 31. Rb1 Qc6 32.
Qxc6 Rxc6 33. Ra1 Kf8 34. Ra8 Nb6 35. Ra6 Nd7 36. Ra7 Ke8 37. Nc4 h6 38.
Ra8 Nc5 39. Bxc5 Rxc5 40. Kf1 Rb5 41. Ke2 Kd7 42. Ra7+ 1/2-1/2

[Event "Coppa del Mondo FIDE 2025"]
[Site "Goa"]
[Date "05.11.2025"]
[Round "1B"]
[White "Grandelius, Nils"]
[Black "Bacrot, Etienne"]
[Result "1-0"]
[WhiteElo "2648"]
[BlackElo "2637"]
[EventDate "2025.11.01"]
[EventType "k.o."]

1. e4 e6 2. d4 d5 3. e5 c5 4. c3 Nc6 5. Nf3 Bd7 6. Be2 f6 7. O-O fxe5 8.
Nxe5 cxd4 9. cxd4 Bd6 10. Nxc6 bxc6 11. Nd2 Nf6 12. Bh5+ g6 13. Be2 O-O 14.
Nf3 Qb8 15. Bh6 Rf7 16. h3 c5 17. dxc5 Bxc5 18. b4 Qxb4 19. Bd3 Nh5 20. Rb1
Ba4 21. Rxb4 Bxd1 22. Rb5 Bxf3 23. Rxc5 Be4 24. Rfc1 Rb7 25. Bf1 Rab8 26.
f3 Bb1 27. a4 d4 28. Bc4 Ng7 29. Rb5 a6 30. Rxb7 Rxb7 31. Bxa6 Rb8 32. Bf4
Rb6 33. Bb5 Ba2 34. Be5 Nf5 35. g4 Nd6 36. Bxd4 Rb7 37. Bc6 Rc7 38. Rc5 Bc4
39. Kf2 Ba6 40. Bd5 1-0

[Event "Coppa del Mondo FIDE 2025"]
[Site "Goa"]
[Date "05.11.2025"]
[Round "1B"]
[White "Ivic, Velimir"]
[Black "Martinez Alcantara, Jose Eduardo"]
[Result "1/2-1/2"]
[WhiteElo "2630"]
[BlackElo "2644"]
[EventDate "2025.11.01"]
[EventType "k.o."]

1. e4 e6 2. d4 d5 3. Nc3 dxe4 4. Nxe4 Nd7 5. Nf3 Ngf6 6. Nxf6+ Nxf6 7. c3
c5 8. Bb5+ Bd7 9. Bxd7+ Qxd7 10. Ne5 Qb5 11. c4 Qa6 12. dxc5 Rd8 13. Qe2
Bxc5 14. O-O h6 15. b3 Qa5 16. Nf3 O-O 17. Bb2 Ba3 18. Bxf6 gxf6 19. Rad1
Be7 20. g3 f5 21. Ne5 Bd6 22. Nd3 Bc7 23. Qe3 Kh7 24. Qc5 Qb6 25. Kg2 Kg7
26. Qxb6 Bxb6 27. Nf4 Bc7 28. Kf3 Kf6 29. h3 Rfe8 30. Ke3 Bb6+ 31. Ke2 a5
32. Rd3 Rxd3 33. Nxd3 Rd8 34. Rc1 Bd4 35. c5 e5 36. c6 bxc6 37. Rxc6+ Kg7
38. g4 fxg4 39. hxg4 f6 40. f4 exf4 41. Nxf4 Rd7 42. Ra6 Be5 43. Ke3 Bxf4+
44. Kxf4 Rd5 45. Ra8 1/2-1/2

[Event "Coppa del Mondo FIDE 2025"]
[Site "Goa"]
[Date "05.11.2025"]
[Round "1B"]
[White "Gledura, Benjamin"]
[Black "Amin, Bassem"]
[Result "1-0"]
[WhiteElo "2643"]
[BlackElo "2636"]
[EventDate "2025.11.01"]
[EventType "k.o."]

1. c4 c5 2. g3 Nc6 3. Bg2 g6 4. Nc3 Bg7 5. d3 d6 6. Qd2 e6 7. b3 Nge7 8.
Bb2 O-O 9. h4 h6 10. Nh3 e5 11. Nd5 Nxd5 12. cxd5 Nd4 13. e3 Nf5 14. Ng1 a5
15. Ne2 b5 16. a4 Qb6 17. O-O Bd7 18. Nc3 b4 19. Nb1 Qd8 20. Qe2 g5 21.
hxg5 hxg5 22. Nd2 Qe7 23. e4 Nd4 24. Bxd4 exd4 25. Qh5 g4 26. f4 gxf3 27.
Rxf3 f5 28. Raf1 fxe4 29. Nxe4 Rxf3 30. Rxf3 Rf8 31. Rxf8+ Qxf8 32. Bh3
Bxh3 33. Qxh3 c4 34. dxc4 Qf3 35. Qe6+ Kh8 36. Qe8+ Bf8 37. c5 d3 38. c6
Kg7 39. Qd7+ Kg6 40. Qh7+ Kxh7 41. Ng5+ 1-0

[Event "Coppa del Mondo FIDE 2025"]
[Site "Goa"]
[Date "05.11.2025"]
[Round "1B"]
[White "Pranesh, M"]
[Black "Kollars, Dmitrij"]
[Result "1/2-1/2"]
[WhiteElo "2630"]
[BlackElo "2647"]
[EventDate "2025.11.01"]
[EventType "k.o."]

1. e4 e5 2. Nf3 Nc6 3. Bb5 a6 4. Ba4 Nf6 5. O-O Be7 6. Re1 b5 7. Bb3 d6 8.
c3 O-O 9. h3 Bb7 10. d4 Re8 11. a3 Bf8 12. Ba2 h6 13. d5 Ne7 14. b3 c6 15.
c4 Qc7 16. Bd2 Nd7 17. Nc3 bxc4 18. bxc4 Nc5 19. Na4 Nxa4 20. Qxa4 a5 21.
Rab1 Reb8 22. Rb3 Bc8 23. Reb1 Rxb3 24. Qxb3 cxd5 25. cxd5 Ng6 26. Be3 Qd8
27. Qb6 Be7 28. Nd2 Qf8 29. Qc6 Ba6 30. Bc4 Bxc4 31. Nxc4 Rc8 32. Qa6 f5
33. Nxa5 Ra8 34. Ba7 fxe4 35. Qb7 Re8 36. Qd7 Nf4 37. Nc6 Nxd5 38. a4 Bg5
39. a5 Kh7 40. a6 Ra8 41. Qb7 Re8 42. Qb3 Nf4 43. Be3 Qf5 44. a7 Qg6 45.
Kh2 Ra8 46. Qb8 Nxg2 47. Qxa8 Nh4 48. Rg1 Nf3+ 49. Kh1 Qe6 50. Rg4 Qc4 51.
Kg2 Ne1+ 52. Kh2 Nf3+ 53. Kg3 Qf1 54. Rxe4 Ng1 55. Qc8 Ne2+ 56. Kf3 Ng1+
57. Kg3 Ne2+ 58. Kf3 Ng1+ 59. Kg3 Ne2+ 1/2-1/2

[Event "Coppa del Mondo FIDE 2025"]
[Site "Goa"]
[Date "05.11.2025"]
[Round "1B"]
[White "Pranav, V"]
[Black "Tari, Aryan"]
[Result "0-1"]
[WhiteElo "2596"]
[BlackElo "2631"]
[EventDate "2025.11.01"]
[EventType "k.o."]

1. e4 c5 2. c3 e5 3. Nf3 Nc6 4. Bc4 Nf6 5. Ng5 d5 6. exd5 Nxd5 7. Qf3 Qxg5
8. Bxd5 Qf6 9. Qxf6 gxf6 10. d3 Bf5 11. Be4 Bd7 12. f4 f5 13. Bd5 Bh6 14.
O-O O-O-O 15. Bxf7 exf4 16. Bb3 Ne5 17. d4 Nd3 18. Nd2 f3 19. Nxf3 Nxc1 20.
Rfxc1 Bxc1 21. Rxc1 Bc6 22. Kf2 Rhe8 23. Bc2 Kb8 24. Bxf5 Bxf3 25. gxf3
cxd4 26. cxd4 Rxd4 27. Rc2 Rf4 28. Bxh7 Rh4 29. Bf5 Rxh2+ 30. Kf1 Rxc2 31.
Bxc2 Rc8 32. Bd1 Rc1 33. Ke1 Rb1 34. b3 Rb2 35. a3 Kc7 36. f4 Kd6 37. b4 b6
38. Be2 Kd5 39. f5 Ke5 40. Bd3 Ra2 0-1

[Event "Coppa del Mondo FIDE 2025"]
[Site "Goa"]
[Date "05.11.2025"]
[Round "1B"]
[White "Anton Guijarro, David"]
[Black "Donchenko, Alexander"]
[Result "0-1"]
[WhiteElo "2625"]
[BlackElo "2624"]
[EventDate "2025.11.01"]
[EventType "k.o."]

1. d4 Nf6 2. Nf3 g6 3. e3 Bg7 4. Be2 d5 5. O-O O-O 6. b4 a5 7. b5 c5 8.
bxc6 Nxc6 9. a4 Bf5 10. Ba3 Qc7 11. c4 Rfd8 12. Nc3 e5 13. Nb5 Qb8 14. Rc1
Be4 15. Nd2 exd4 16. exd4 Bf5 17. Bf3 Nb4 18. cxd5 Nfxd5 19. Nc4 Ra6 20.
Qd2 h5 21. Bxb4 Nxb4 22. Nxa5 Nd5 23. Nc4 Rxa4 24. Bxd5 Rxd5 25. Nb6 Rdxd4
26. Nxd4 Rxd4 27. Qa5 Be6 28. Qa8 Qxa8 29. Nxa8 b5 30. Rfd1 b4 31. Nb6 b3
32. Rxd4 Bxd4 33. Na4 Bf5 34. Rc4 b2 35. Nxb2 Bxb2 36. h4 Kg7 37. g3 Kf6
38. Rc6+ Ke5 39. Rc5+ Kd4 40. Rc7 Be6 41. Rb7 Bc3 42. Ra7 Kd3 43. Ra3 Kd2
44. Ra4 Bd5 45. Ra3 Bd4 46. Ra4 Kd3 47. Kf1 Bc4 48. Kg1 Bc5 49. Ra5 Bb6 50.
Ra4 Kc3 51. Ra8 Kd2 52. Rb8 Ba5 53. Ra8 Bc3 54. Ra4 Bd5 55. Ra3 Bg7 56. Ra5
Be6 57. Ra3 Bb2 58. Ra4 Be5 59. Ra3 Bc4 60. Ra4 Bd3 61. Ra7 f6 62. Ra2+ Ke1
63. Ra3 Bb5 64. Ra5 Be2 65. Ra4 Bd1 66. Re4+ Kd2 67. Rb4 Bc2 68. Rc4 Bf5
69. Ra4 Ke1 70. Rb4 Ke2 71. Ra4 Bb1 72. Kg2 Bd3 73. Kg1 Bf5 74. Ra2+ Ke1
75. Ra4 Bc2 76. Rc4 Bd3 77. Ra4 f5 78. Ra3 Be4 79. f3 Bb2 80. Rb3 Bd4+ 81.
Kg2 Bc2 82. Rb4 Be3 83. Rb2 Bd3 84. f4 Be4+ 85. Kh2 Kf1 86. Ra2 Bd4 87. Kh3
Bf3 88. g4 fxg4+ 89. Kg3 Bc3 0-1

[Event "Coppa del Mondo FIDE 2025"]
[Site "Goa"]
[Date "05.11.2025"]
[Round "1B"]
[White "Sadhwani, Raunak"]
[Black "Hovhannisyan, Robert"]
[Result "1/2-1/2"]
[WhiteElo "2658"]
[BlackElo "2629"]
[EventDate "2025.11.01"]
[EventType "k.o."]

1. e4 e5 2. Nf3 Nf6 3. d4 Nxe4 4. Bd3 d5 5. Nxe5 Nd7 6. Nxd7 Bxd7 7. O-O
Bd6 8. Nc3 Nxc3 9. bxc3 h5 10. Rb1 b6 11. c4 Qh4 12. f4 dxc4 13. Qe1+ Qxe1
14. Rxe1+ Kf8 15. Bxc4 g6 16. Bd3 Kg7 17. Kf2 h4 18. c4 Rad8 19. Kf3 Bc6+
20. d5 Bd7 21. Be3 Rde8 22. Rbc1 Ba3 23. Rb1 Bd6 24. Rbc1 Ba3 25. Rb1 Bd6
26. Rbc1 1/2-1/2

[Event "Coppa del Mondo FIDE 2025"]
[Site "Goa"]
[Date "05.11.2025"]
[Round "1B"]
[White "Chigaev, Maksim"]
[Black "Vokhidov, Shamsiddin"]
[Result "1/2-1/2"]
[WhiteElo "2638"]
[BlackElo "2645"]
[EventDate "2025.11.01"]
[EventType "k.o."]

1. d4 Nf6 2. Nf3 d5 3. e3 e6 4. Bd3 b6 5. O-O Bd6 6. b3 c5 7. Bb2 cxd4 8.
exd4 Ba6 9. Bxa6 Nxa6 10. Qe2 Nb4 11. a3 Nc6 12. Nbd2 O-O 13. g3 Rc8 14. c4
Qc7 15. Rac1 Be7 16. Rc2 Qb7 17. Rfc1 Rfd8 18. Ne5 dxc4 19. Rxc4 Nxe5 20.
dxe5 Rxc4 21. Rxc4 Nd5 22. Ne4 b5 23. Rc1 a6 24. Qg4 g6 25. Qf3 Rc8 26. Nc3
Qa8 27. Nxd5 Rxc1+ 28. Bxc1 Qxd5 29. Qxd5 exd5 30. Kf1 f6 1/2-1/2

[Event "Coppa del Mondo FIDE 2025"]
[Site "Goa"]
[Date "05.11.2025"]
[Round "1B"]
[White "Svane, Frederik"]
[Black "Gurel, Ediz"]
[Result "1-0"]
[WhiteElo "2643"]
[BlackElo "2631"]
[EventDate "2025.11.01"]
[EventType "k.o."]

1. e4 c6 2. Nf3 d5 3. Nc3 dxe4 4. Nxe4 Nf6 5. Qe2 Nxe4 6. Qxe4 Nd7 7. Bc4
Nf6 8. Ne5 e6 9. Qf4 Bd6 10. d4 O-O 11. O-O Qc7 12. Bd3 c5 13. Qh4 Bxe5 14.
dxe5 Qxe5 15. Bf4 Qh5 16. Qxh5 Nxh5 17. Bd6 Rd8 18. Bxc5 Nf4 19. Be4 f5 20.
Rfd1 Rxd1+ 21. Rxd1 Ne2+ 22. Kf1 fxe4 23. Kxe2 b6 24. Bb4 Ba6+ 25. Ke3 Rc8
26. Bc3 Bb5 27. Kxe4 Kf7 28. Ke3 Bc6 29. Rd4 Bd5 30. Ra4 a5 31. Rf4+ Kg8
32. Rg4 g6 33. a4 Kf7 34. f3 e5 35. h4 Be6 36. Re4 Bf5 37. Rxe5 Bxc2 38.
Rb5 Rc6 39. Bd4 Re6+ 40. Kf4 Rd6 41. Ke3 Re6+ 42. Kf2 Bxa4 43. Rxb6 Bc2 44.
Rb5 a4 45. h5 Bd3 46. Rd5 Re2+ 47. Kg1 Bc2 48. Ra5 Bb3 49. Bc3 Bc2 50. Kh2
Bb3 51. Kh3 Bc2 52. Kg3 Bb3 53. h6 Re7 54. Kf4 Rd7 55. Ra8 Ke6 56. Rh8 Bc2
57. g4 Rf7+ 58. Kg5 Rc7 59. Re8+ Kf7 60. Re3 Rd7 61. f4 Rd3 62. Re5 Bb3 63.
f5 gxf5 64. Bb4 f4 65. Re7+ Kg8 66. Re8+ Kf7 67. Re7+ Kg8 68. Rg7+ Kh8 69.
Rb7 Kg8 70. Kxf4 Rd4+ 71. Kg3 Bd5 72. Rg7+ Kh8 73. Bc3 Rd3+ 74. Kh4 a3 75.
Rg5+ Rxc3 76. bxc3 1-0

[Event "Coppa del Mondo FIDE 2025"]
[Site "Goa"]
[Date "06.11.2025"]
[Round "1C"]
[White "Kuybokarov, Temur"]
[Black "Praggnanandhaa, R"]
[Result "1/2-1/2"]
[WhiteElo "2535"]
[BlackElo "2771"]
[EventDate "2025.11.01"]
[EventType "k.o."]

1. e4 e5 2. Nf3 Nc6 3. Bb5 a6 4. Ba4 Nf6 5. O-O d6 6. Re1 b5 7. Bb3 Na5 8.
d4 Nxb3 9. axb3 Bb7 10. dxe5 Nxe4 11. exd6 Qxd6 12. Qxd6 Bxd6 13. Nc3 f5
14. Ng5 O-O 15. Ngxe4 fxe4 16. Nxe4 Rae8 17. f3 Bxe4 18. fxe4 Be5 19. c3 b4
20. Bd2 Rd8 21. Re2 Rxd2 22. Rxd2 bxc3 23. bxc3 Bxc3 24. Raa2 Bxd2 25. Rxd2
Rb8 26. Rd7 Rxb3 27. Rxc7 Re3 28. Ra7 Rxe4 29. Rxa6 Rf4 30. g3 Re4 31. Ra7
Rd4 32. h4 1/2-1/2

[Event "Coppa del Mondo FIDE 2025"]
[Site "Goa"]
[Date "06.11.2025"]
[Round "1C"]
[White "Makhnev, Denis"]
[Black "Abdusattorov, Nodirbek"]
[Result "1/2-1/2"]
[WhiteElo "2525"]
[BlackElo "2750"]
[EventDate "2025.11.01"]
[EventType "k.o."]

1. d4 d5 2. Nf3 Nf6 3. g3 Bf5 4. Bg2 e6 5. O-O h6 6. c4 c6 7. Nc3 Nbd7 8.
Qb3 Qb6 9. c5 Qxb3 10. axb3 a6 11. b4 Rc8 12. Nd2 g5 13. f3 Bg7 14. e4 Bg6
15. Nb3 O-O 16. Be3 Kh7 17. Rae1 Rfe8 18. Bh3 Rc7 19. exd5 Nxd5 20. Nxd5
exd5 21. Bf2 Rd8 22. Re7 Bf6 23. Re3 Nf8 24. Rfe1 Ne6 25. Bxe6 fxe6 26.
Rxe6 Rf8 27. g4 Rcf7 28. Nd2 Bd8 29. Bg3 a5 30. Bd6 Rg8 31. Be7 axb4 32.
Bxd8 Rxd8 33. Ra1 Bc2 34. Kf2 Kg7 35. Ke3 Rdd7 36. Ra8 Rde7 37. Re8 Rxe6+
38. Rxe6 b3 39. Nf1 Bd1 40. Nd2 Rf8 41. Kf2 Kf7 42. Re1 Bc2 43. Re3 Ra8 44.
Nxb3 Ra4 45. Rc3 Rb4 46. Rxc2 Rxb3 47. Rd2 Kf6 48. Ke2 Kg6 49. Kf2 h5 50.
gxh5+ Kxh5 51. Kg2 Kh4 52. h3 Rb4 53. Kh2 Rb3 54. Kg2 Rb4 55. Kh2 Rb3 56.
Kg2 Rb4 1/2-1/2

[Event "Coppa del Mondo FIDE 2025"]
[Site "Goa"]
[Date "06.11.2025"]
[Round "1C"]
[White "Kantor, Gergely"]
[Black "Mamedyarov, Shakhriyar"]
[Result "0-1"]
[WhiteElo "2559"]
[BlackElo "2742"]
[EventDate "2025.11.01"]
[EventType "k.o."]

1. e4 e5 2. Nf3 Nc6 3. Bc4 Nf6 4. d3 Bc5 5. O-O d6 6. c3 O-O 7. h3 Bb6 8.
Re1 Ne7 9. Nbd2 Ng6 10. d4 exd4 11. cxd4 Nxe4 12. Nxe4 d5 13. Bg5 f6 14.
Bxf6 gxf6 15. Bb3 c6 16. Nc5 Kh8 17. Bc2 Nf4 18. Nd3 Ne6 19. Qd2 Qc7 20.
Qe3 Qg7 21. Nc5 Nxc5 22. dxc5 Ba5 23. Red1 Bxh3 24. Nh4 Bg4 25. Rd4 Rae8
26. Qd3 f5 27. f3 Bh3 28. Kh1 Qg3 29. Rg4 Bxg4 30. Qd4+ Kg8 0-1

[Event "Coppa del Mondo FIDE 2025"]
[Site "Goa"]
[Date "06.11.2025"]
[Round "1C"]
[White "Lodici, Lorenzo"]
[Black "Niemann, Hans Moke"]
[Result "1-0"]
[WhiteElo "2560"]
[BlackElo "2738"]
[EventDate "2025.11.01"]
[EventType "k.o."]

1. e4 e5 2. Nf3 Nc6 3. Bb5 a6 4. Ba4 Nf6 5. O-O Be7 6. Bxc6 dxc6 7. Re1 Nd7
8. c3 c5 9. d4 exd4 10. cxd4 O-O 11. Nc3 b5 12. a4 b4 13. Nd5 Bb7 14. Nxe7+
Qxe7 15. d5 Rfe8 16. Bg5 Qd6 17. Qd2 a5 18. Bf4 Qb6 19. Rac1 Rad8 20. Qc2
Ba6 21. Nd2 Rc8 22. b3 Qf6 23. Bg3 c6 24. d6 Rcd8 25. Nf3 Qg6 26. Nh4 Qe6
27. Nf5 c4 28. Nd4 Qf6 29. e5 Qg6 30. Qxg6 hxg6 31. bxc4 c5 32. Nc6 Ra8 33.
Nxa5 Bc8 34. Nb3 Rxa4 35. f4 Ra3 36. Rb1 Ba6 37. Bf2 Rc8 38. Nxc5 Nxc5 39.
Bxc5 Bxc4 40. Bxb4 Rd3 41. Rbd1 Rxd1 42. Rxd1 Be6 43. Ba5 Bd7 44. Rb1 Kf8
45. Bc7 Ke8 46. Ra1 Be6 47. Kf2 Kd7 48. h3 Bd5 49. g4 Ra8 50. Ba5 Ke6 51.
f5+ gxf5 52. gxf5+ Kd7 53. Ke3 Rh8 54. Kd4 Bb7 55. Be1 f6 56. Bg3 fxe5+ 57.
Kxe5 Re8+ 58. Kf4 Kxd6 59. Kg5+ Kc6 60. Rc1+ Kb6 61. h4 Bc8 62. Bc7+ Kb7
63. Bd6 Kb6 64. Bc5+ Kb7 65. Bd4 Re4 66. Rxc8 Kxc8 67. Bxg7 Kd7 68. h5 Ke7
69. h6 Kf7 70. Bf6 Kg8 71. Kg6 Rg4+ 72. Bg5 Rg1 73. f6 Rf1 74. Be3 Rf3 75.
h7+ Kh8 76. f7 Rg3+ 77. Bg5 1-0

[Event "Coppa del Mondo FIDE 2025"]
[Site "Goa"]
[Date "06.11.2025"]
[Round "1C"]
[White "Blohberger, Felix"]
[Black "Yu, Yangyi"]
[Result "1-0"]
[WhiteElo "2513"]
[BlackElo "2720"]
[EventDate "2025.11.01"]
[EventType "k.o."]

1. d4 Nf6 2. c4 e6 3. Nf3 b6 4. a3 Bb7 5. Nc3 d5 6. Bf4 Be7 7. e3 O-O 8.
Rc1 c5 9. dxc5 bxc5 10. Be2 Nbd7 11. O-O Nb6 12. Ne5 Nfd7 13. cxd5 exd5 14.
Bf3 Nxe5 15. Bxe5 Qd7 16. Qc2 Rac8 17. Rfd1 Rfd8 18. h3 d4 19. Bxb7 Qxb7
20. exd4 Nc4 21. Nd5 Rxd5 22. Qxc4 Rcd8 23. Re1 cxd4 24. Qc7 Qxc7 25. Bxc7
R8d7 26. Bf4 h6 27. b4 d3 28. Bd2 Bg5 29. f4 Bf6 30. Rc4 g5 31. g3 Kg7 32.
Kg2 gxf4 33. gxf4 Kg6 34. a4 Kf5 35. Kf3 Bd4 36. b5 f6 37. Rc6 h5 38. Rc8
Rc5 39. Rxc5+ Bxc5 40. Rc1 Bd4 41. Rc4 Bg1 42. Rc6 h4 43. Rc3 Rd5 44. Rb3
Bb6 45. Rb1 Bc7 46. a5 Rd4 47. b6 axb6 48. axb6 Bxf4 49. Bxf4 Rxf4+ 50. Ke3
d2 51. Kxd2 Rd4+ 52. Ke3 Rd8 53. b7 Rb8 54. Kf3 Ke5 55. Kg4 f5+ 56. Kxh4
Kf4 57. Rb4+ Ke3 58. Kg5 f4 59. Rb3+ Ke4 60. Rb4+ Ke3 61. Rxf4 Rxb7 62. Rf6
Rb5+ 63. Rf5 Rb8 64. h4 Rg8+ 65. Kf6 Rf8+ 66. Kg6 Rg8+ 67. Kf7 Ke4 68. Ra5
Rb8 69. h5 Kf4 70. h6 Kg4 71. Ra7 Kg5 72. Kg7 1-0

[Event "Coppa del Mondo FIDE 2025"]
[Site "Goa"]
[Date "06.11.2025"]
[Round "1C"]
[White "Vidit, Santosh Gujrathi"]
[Black "Oro, Faustino"]
[Result "1/2-1/2"]
[WhiteElo "2716"]
[BlackElo "2509"]
[EventDate "2025.11.01"]
[EventType "k.o."]

1. e4 e5 2. Nf3 Nc6 3. d4 exd4 4. Nxd4 Nf6 5. Nxc6 bxc6 6. Nd2 d5 7. exd5
cxd5 8. Bb5+ Bd7 9. Bxd7+ Qxd7 10. O-O Be7 11. b3 O-O 12. Bb2 Rfe8 13. Qf3
Ng4 14. Rae1 Bf6 15. Bxf6 Nxf6 16. Qd3 Qd6 17. a4 h6 18. h3 Rad8 19. Rxe8+
Rxe8 20. Rd1 Qc5 21. c3 a5 22. c4 Re5 23. Kf1 c6 24. Re1 Rxe1+ 25. Kxe1
Qe7+ 26. Kf1 Qe5 27. cxd5 Qa1+ 28. Qb1 Qd4 29. Qc2 cxd5 30. g3 Qb4 31. Nf3
Qb8 32. Qd3 Qb6 33. Kg2 Ne4 34. Nd4 Qc5 35. Qe3 g6 36. g4 Kh7 37. h4 Qd6
38. Ne2 Nc5 39. Nd4 Ne4 40. Ne2 Nc5 41. Nd4 Ne4 1/2-1/2